Normal view
MARC view
Entry Personal Name
001 - CONTROL NUMBER
- control field: 9870
003 - CONTROL NUMBER IDENTIFIER
- control field: OSt
005 - DATE AND TIME OF LATEST TRANSACTION
- control field: 20190905102436.0
008 - FIXED-LENGTH DATA ELEMENTS
- fixed length control field: 190905|| aca||aabn | a|a d
040 ## - CATALOGING SOURCE
- Original cataloging agency: OSt
- Transcribing agency: OSt
100 ## - HEADING--PERSONAL NAME
- Personal name: Kumar, Nomita P.
670 ## - SOURCE DATA FOUND
- Source citation: Work cat.: (OSt): Kumar, Nomita P., Paving the way for transformational future women entrepreneurs in Uttar Pradesh, 2019
